| 000 | 01086nam a2200265 i 4500 | ||
|---|---|---|---|
| 001 | 92738 | ||
| 003 | ES-MaACL | ||
| 005 | 20240221121919.0 | ||
| 007 | t| | ||
| 008 | 050425s2001 sp ||||1| spa d | ||
| 020 | _a84-8016-515-4 | ||
| 080 | _a(038)=111=134.2 | ||
| 100 | 1 |
_aGarcía-Pelayo y Gross, Ramón. _955096 |
|
| 245 | 1 | 0 |
_aLarousse Spanish-English, English-Spanish dictionary / _cdirigido y realizado por Ramón García-Pelayo y Gross ; con la colaboración de Micheline Durand ... [et al.]. |
| 260 |
_aBarcelona : _bLarousse, _c[2001] |
||
| 300 |
_aXXXIII, 718, 804, XIV p. ; _c29 cm. |
||
| 500 | _aTit. de la anteport: Larousse gran diccionario español-inglés, inglés-español. | ||
| 650 | 1 | 4 |
_aLengua española- _vDiccionarios- _xInglés. _914142 |
| 650 | 1 | 4 |
_aLengua inglesa- _vDiccionarios- _xEspañol. _914270 |
| 700 | 1 |
_aDurand, Micheline. _946256 |
|
| 740 | 0 | _aLarousse gran diccionario español-inglés, inglés-español. | |
| 852 |
_aES-MaACL _jA-15168 _996120 _cDEPO1 _dOlim: DIC-L 111=134.2 gra _dOlim: Meseton |
||
| 942 | _2udc | ||
| 999 |
_c92738 _d92738 |
||